Statistics for WWE 2K18 Roster

Click here to take the quiz!

General Stats

  • This quiz has been taken 189 times
  • The average score is 91 of 219

Answer Stats

Wrestler/Manager% Correct
AJ Styles
78%
Seth Rollins
77%
John Cena
76%
John Cena '06
75%
John Cena '10
75%
Triple H
75%
Randy Orton
73%
Roman Reigns
73%
Triple H '01
73%
Triple H '98
73%
Brock Lesnar
72%
Big E
71%
Kofi Kingston
71%
Undertaker
70%
Undertaker '00
70%
Undertaker '91
70%
Big Show
69%
Big Show '00
69%
Kane '98
69%
Kane
68%
The Miz
68%
Bray Wyatt
67%
Xavier Woods
67%
Charlotte Flair
66%
Dean Ambrose
65%
Edge
65%
DLCJeff Hardy
65%
Steve Austin
65%
Becky Lynch
64%
Luke Harper
64%
DLCMatt Hardy
64%
Shawn Michaels '98
64%
Braun Strowman
63%
Pre-OrderKurt Angle '01
63%
Pre-OrderKurt Angle '06
63%
The Rock
63%
DeluxeBatista
62%
ManagerPaul Heyman
62%
The Rock '01
62%
Daniel Bryan
61%
Sheamus
61%
Rusev
60%
Sasha Banks
60%
Cesaro
59%
Erick Rowan
59%
Jey Uso
59%
Ric Flair '88
59%
Ric Flair '91
59%
Alexa Bliss
58%
Jimmy Uso
58%
Shane McMahon
58%
Zack Ryder
58%
Kevin Owens
57%
Aiden English
56%
Bayley
56%
Mr. McMahon
56%
Shawn Michaels '97
56%
Bret Hart '97
55%
Bret Hart '98
55%
Asuka
54%
DLCDrew McIntyre
54%
Nikki Bella
54%
Brie Bella
53%
Chris Jericho
53%
Chris Jericho '00
53%
Finn Balor
53%
Finn Balor (Demon)
53%
ManagerLana
53%
Andre The Giant
52%
Christian
52%
Natalya
52%
Baron Corbin
51%
Big Cass
51%
Dolph Ziggler
51%
Enzo Amore
51%
Goldberg
51%
Goldust
51%
Stephanie McMahon
51%
Kalisto
50%
R-Truth
50%
Sami Zayn
50%
Mankind
49%
Nia Jax
49%
Lita
48%
Luke Gallows
48%
Mark Henry
48%
Shinsuke Nakamura
48%
Carmella
47%
Trish Stratus
47%
Naomi
46%
Paige
46%
Samoa Joe
46%
Akam
45%
Alicia Fox
45%
Karl Anderson
45%
Scott Hall
45%
Sin Cara
45%
Sting
45%
Sting '88
45%
Sting '91
45%
Sting '98
45%
Jinder Mahal
44%
Bobby Roode
43%
Eddie Guerrero
43%
Kevin Nash
43%
Macho Man Randy Savage
43%
Ultimate Warrior
43%
DeluxeRob van Dam
42%
Tamina
42%
Bo Dallas
41%
Cactus Jack '92
41%
Cactus Jack '98
41%
Diesel
41%
Dude Love
41%
Curt Hawkins
40%
Curtis Axel
40%
Apollo Crews
39%
Neville
39%
Nikki Cross
39%
DLCAleister Black
38%
Eric Young
38%
Johnny Gargano
38%
Maryse
38%
Fandango
37%
Heath Slater
37%
Rezar
37%
Albert
36%
Alexander Wolfe
36%
JBL
36%
DLCBeth Phoenix
35%
Cedric Alexander
35%
Chad Gable
35%
Ember Moon
35%
Razor Ramon
34%
Akira Tozawa
33%
Brian Kendrick
33%
DLCRuby Riot
33%
Stunning Steve Austin
33%
Titus O'Neil
33%
Tyler Breeze
33%
Dash Wilder
32%
Jason Jordan
32%
Mickie James
32%
Rikishi
31%
DLCElias
30%
Konnor
30%
Scott Dawson
30%
Vader
30%
Viktor
30%
Big Boss Man '91
29%
Big Boss Man '99
29%
Booker T
29%
Gran Metalik
29%
Mojo Rawley
29%
Ricky Steamboat '94
29%
TJP
29%
Dana Brooke
28%
Noam Dar
28%
Rhyno
28%
British Bulldog
27%
Emma
27%
Tommaso Ciampa
27%
ManagerBobby Heenan
26%
Jim Neidhart
26%
Rich Swann
26%
Rick Rude
26%
Tye Dillinger
26%
Darren Young
25%
DDP '92
25%
DDP '98
25%
Dusty Rhodes
23%
Epico Colon
23%
Ivory
23%
Mr. Perfect
23%
Billie Kay
22%
Peyton Royce
22%
Primo Colon
22%
Jake Roberts
21%
ManagerTed DiBiase
21%
Tyson Kidd
21%
Bam Bam Bigelow
20%
Earthquake
20%
No Way Jose
20%
The Godfather
20%
Typhoon
20%
Hideo Itami
19%
Jack Gallagher
19%
Roderick Strong
19%
Shane Thorne
19%
Summer Rae
19%
DLCLars Sullivan
18%
Nick Miller
17%
Sawyer Fulton
16%
Kassius Ohno
15%
Lex Luger
15%
Kilian Dain
14%
ManagerPaul Ellering
14%
Papa Shango
13%
Brutus Beefcake
12%
Michael Hayes
12%
Sycho Sid
11%
Alundra Blaze
10%
Buddy Roberts
10%
Jimmy Garvin
10%
Kerry von Erich
10%
Kevin von Erich
10%
DLCRicky Morton
10%
Robert Gibson
10%
Tatanka
10%
Bushwacker Luke
9%
Greg Valentine
9%
Jaqueline
9%
Rick Martel
9%
Tatsumi Fujinami
9%
Bushwacker Butch
7%
Larry Zbysko
4%
Ricky Steamboat '91
3%

Score Distribution

Percentile by Number Answered

Percent of People with Each Score

Your Score History

You have not taken this quiz